[Event "Idaho Open (Open)"]
[Site "Pocatello, ID"]
[Date "2013.05.19"]
[Round "5.6"]
[White "Carr, John B"]
[Black "Nelson, James William"]
[Result "1-0"]
[WhiteElo "1700"]
[BlackElo "1622"]

1. d4 d6 2. c4 Nf6 3. Nc3 Nbd7 4. Nf3 e5 5. dxe5 dxe5 6. Bg5 c6 7. Bxf6 Qxf6
8. e3 Bb4 9. Rc1 O-O 10. Be2 Rd8 11. O-O Nc5 12. Qc2 Bf5 13. e4 Bg6 14. Nd2
Qf4 15. Rcd1 Bxc3 16. Qxc3 Bxe4 17. Nxe4 Nxe4 18. Qc2 Nc5 19. b4 Ne6 20. Rxd8+
Rxd8 21. Rd1 Nd4 22. Qd3 Nxe2+ 23. Qxe2 Rxd1+ 24. Qxd1 Qd4 25. Qxd4 exd4 26.
Kf1 b6 27. c5 d3 28. Ke1 Kf8 29. Kd2 Ke7 30. Kxd3 Ke6 31. Kd4 Kf5 32. cxb6
axb6 33. a4 Ke6 34. a5 bxa5 35. bxa5 Kd6 36. a6 c5+ 37. Kc4 Kc6 38. a7 Kb7 39.
Kxc5 Kxa7 40. Kd6 f5 41. Ke5 g6 42. Kf6 Kb6 43. Kg7 g5 44. Kxh7 g4 45. Kg6 f4
46. Kf5 g3 47. hxg3 fxg3 48. f3 Kc6 49. Kf4 Kd6 50. Kxg3 Ke6 51. Kf4 Kf6 52.
g3 Kg6 53. Ke5 Kg7 54. f4 Kf7 55. Kf5 Kg7 56. Ke6 Kg6 57. f5+ Kg7 58. Ke7 {#r}
1-0

[Event "SIO (Open)"]
[Site "Twin Falls, ID"]
[Date "2013.11.02"]
[Round "3.1"]
[White "Gorman, Cody Austin"]
[Black "Carr, John B"]
[Result "1-0"]
[WhiteElo "1753"]
[BlackElo "1700"]
[EventRounds "4"]
[EventCountry "USA"]

1. b3 Nf6 2. Bb2 e6 3. e3 b6 4. Nf3 Bb7 5. d4 d5 6. c4 Nbd7 7. Nc3 Be7 8. cxd5
Nxd5 9. Bd3 O-O 10. O-O f5 11. Nxd5 Bxd5 12. Rc1 Rc8 13. Ba6 Rb8 14. Qe2 g5
15. Bc4 c6 16. Bxd5 cxd5 17. Rc6 Rf6 18. Nxg5 Nf8 19. Rfc1 Bd6 20. Qa6 Qd7 21.
Ba3 Bc5 22. Qa4 Bxa3 23. Qxa3 Qg7 24. Nf3 f4 25. Rc7 Qh6 26. Qxa7 Re8 27. Ne5
fxe3 28. f3 e2 29. Ng4 e1=Q+ 30. Rxe1 {#r} 1-0

[Event "SIO (Open)"]
[Site "Twin Falls, ID"]
[Date "2013.11.02"]
[Round "4.2"]
[White "Carr, John B"]
[Black "Buus, Jarod N"]
[Result "1-0"]
[WhiteElo "1700"]
[BlackElo "1243"]
[EventRounds "4"]
[EventCountry "USA"]

1. d4 d5 2. c4 c6 3. cxd5 cxd5 4. Nc3 Nf6 5. Nf3 e6 6. Bf4 Bd6 7. Bg3 a6 8. e3
O-O 9. Bd3 Nc6 10. a3 b5 11. b4 Ne7 12. Ne5 Ng6 13. O-O Qc7 14. f4 Qxc3 15. f5
exf5 16. Nxg6 fxg6 17. Bxd6 Ne4 18. Bxf8 Kxf8 19. Qc2 Qxc2 20. Bxc2 Nd2 21.
Rfe1 Bd7 22. Kf2 Rc8 23. Rac1 Nc4 24. Bb3 Kf7 25. Ke2 g5 26. Rf1 Re8 27. Bxc4
dxc4 28. Kd2 h5 29. Rce1 Re4 30. Re2 g6 31. Rc1 Bc6 32. a4 f4 33. axb5 axb5
34. Kc3 g4 35. Kd2 f3 36. gxf3 gxf3 37. Rf2 Re8 38. Rcf1 g5 39. Rxf3+ Bxf3 40.
Rxf3+ Ke6 41. e4 Rd8 42. Ke3 Ra8 43. Rf2 {It appears that more moves happened,
but were not recorded. The last couple moves were not clear on the score
sheets either.--Roland} {#r} 1-0

[Event "Idaho Closed"]
[Site "Twin Falls, ID"]
[Date "2014.02.15"]
[Round "1.5"]
[White "Knoll, Lucas"]
[Black "Carr, John B"]
[Result "0-1"]
[WhiteElo "1203"]
[BlackElo "1700"]
[EventRounds "6"]
[EventCountry "USA"]

1. e4 e6 2. d4 d5 3. e5 c5 4. c3 Nc6 5. Nf3 Qb6 6. Qb3 Qxb3 7. axb3 cxd4 8.
cxd4 Bd7 9. Bb5 Nxe5 10. Bxd7+ Nxd7 11. O-O a6 12. Bf4 Rc8 13. Nc3 Ne7 14.
Rfe1 g6 15. Bg5 h6 16. Bxe7 Bxe7 17. Rad1 Bb4 18. Re3 O-O 19. Na2 Bd6 20. Rc3
Rxc3 21. bxc3 Rc8 22. Nd2 Bf4 23. g3 Bg5 24. Nf3 Be7 25. Ne5 Nxe5 26. dxe5 Kf8
27. Kf1 f6 28. f4 f5 29. Ke2 Rc5 30. Rd4 Ra5 31. Nc1 Ra1 32. Rd1 Bc5 33. Nd3
Rxd1 34. Kxd1 Bg1 35. h3 Ke7 36. Kc2 Kd7 37. b4 Kc6 38. Ne1 Bf2 39. Kd2 Bxe1+
40. Kxe1 Kb5 41. Kd2 Kc4 42. Kc2 b6 43. g4 a5 44. gxf5 gxf5 45. bxa5 bxa5 46.
Kb2 a4 47. Ka3 Kxc3 48. Kxa4 Kc4 49. Ka5 d4 50. Kb6 Kd5 51. Kc7 d3 52. Kd7 d2
53. Ke7 d1=Q 54. Kf6 Qh5 55. Kg7 Qxh3 56. Kg8 Qg4+ 57. Kf7 h5 58. Ke7 Qg7+ 59.
Kd8 Qf7 60. Kc8 Kc6 {#R} 0-1

[Event "Idaho Closed"]
[Site "Twin Falls, ID"]
[Date "2014.02.16"]
[Round "3.2"]
[White "Kircher, Caleb Paul"]
[Black "Carr, John B"]
[Result "1-0"]
[WhiteElo "1911"]
[BlackElo "1700"]
[EventRounds "6"]
[EventCountry "USA"]

1. e4 e6 2. d3 d5 3. Nd2 Nf6 4. g3 g6 5. Bg2 Bg7 6. f4 dxe4 7. Nxe4 Nxe4 8.
dxe4 Qxd1+ 9. Kxd1 Bd7 10. Nf3 Bc6 11. e5 Nd7 12. Be3 Bf8 13. Nh4 Bxg2 14.
Nxg2 Rd8 15. Ke2 Bc5 16. Rhd1 Ke7 17. Rxd7+ Rxd7 18. Bxc5+ Ke8 19. Ne3 b6 20.
Bb4 c5 21. Bc3 b5 22. Ng4 Ke7 23. Nf6 Rdd8 24. Ba5 Rd4 25. c3 Ra4 26. b4 h5
27. a3 Rc8 28. Kd2 cxb4 29. Bxb4+ Kd8 30. Kc2 Kc7 31. Kb3 Rd8 32. Bd6+ Kc6 33.
Rd1 Rc4 34. Rd4 Rxd4 35. cxd4 a5 36. Bc5 Rb8 37. Kc3 Rd8 38. Ne4 Kd5 39. Nd6
Rd7 40. Nxb5 {#r} 1-0

[Event "Idaho Closed"]
[Site "Twin Falls, ID"]
[Date "2014.02.16"]
[Round "4.3"]
[White "Carr, John B"]
[Black "Pemsler, Carmen"]
[Result "1-0"]
[WhiteElo "1700"]
[BlackElo "1561"]
[EventRounds "6"]
[EventCountry "USA"]

1. d4 f5 2. g3 Nf6 3. Bg2 g6 4. Nf3 Bg7 5. O-O O-O 6. c4 d6 7. Nc3 a6 8. e3
Qe8 9. b3 e5 10. Bb2 e4 11. Ng5 h6 12. Nh3 Nc6 13. Qd2 Nb4 14. Nxe4 Nxe4 15.
Qxb4 g5 16. f3 Nf6 17. Rae1 d5 18. Qd2 dxc4 19. bxc4 Qa4 20. Qc3 Be6 21. Rc1
Qxa2 22. Ba3 Rfe8 23. Rc2 Qxc4 24. Qxc4 Bxc4 25. Rxc4 Rxe3 26. Bc1 Re7 27. f4
g4 28. Nf2 c6 29. Nd3 Ne4 30. Ne5 Nd6 31. Ba3 Nxc4 32. Bxe7 Ne3 33. Rb1 Nxg2
34. Kxg2 Bxe5 35. dxe5 b5 36. Kf2 Kf7 37. Bd6 Ke6 38. Ke3 Kd5 39. Rd1+ Kc4 40.
Rc1+ Kb3 41. Rxc6 a5 42. e6 a4 43. Rb6 Kc4 44. Rb8 Rxb8 45. Bxb8 a3 46. e7 a2
47. Be5 b4 48. e8=Q b3 49. Qc6+ Kb4 50. Bb2 a1=Q 51. Bxa1 b2 52. Bxb2 h5 53.
Kd3 h4 54. Qb6+ Ka4 55. Kc4 h3 56. Qb4# 1-0

[Event "Idaho Closed"]
[Site "Twin Falls, ID"]
[Date "2014.02.17"]
[Round "5.2"]
[White "Carr, John B"]
[Black "Parsons, Larry R"]
[Result "1/2-1/2"]
[WhiteElo "1700"]
[BlackElo "2000"]
[EventRounds "6"]
[EventCountry "USA"]

1. d4 Nf6 2. c4 g6 3. Nc3 Bg7 4. e4 O-O 5. Be3 d6 6. f3 e5 7. d5 Nh5 8. g4 Nf4
9. h4 f5 10. gxf5 gxf5 11. Bxf4 exf4 12. Qd2 Nd7 13. O-O-O Ne5 14. Be2 fxe4
15. Nxe4 Bf5 16. Rf1 Bxe4 17. fxe4 Qf6 18. Nf3 Nxf3 19. Bxf3 {#d} 1/2-1/2

[Event "Idaho Closed"]
[Site "Twin Falls, ID"]
[Date "2014.02.17"]
[Round "6.3"]
[White "Gorman, Cody Austin"]
[Black "Carr, John B"]
[Result "1/2-1/2"]
[WhiteElo "1808"]
[BlackElo "1700"]
[EventRounds "6"]
[EventCountry "USA"]

1. Nf3 Nf6 2. c4 e6 3. g3 b6 4. Bg2 Bb7 5. O-O c5 6. Nc3 Be7 7. a3 O-O 8. Qc2
Nc6 9. e3 Rb8 10. Rd1 d5 11. cxd5 Nxd5 12. b3 Nxc3 13. dxc3 Qc7 14. Bb2 Bf6
{#d} 1/2-1/2

[Event "Southern Idaho Open"]
[Site "Twin Falls, ID"]
[Date "2014.11.08"]
[Round "1.2"]
[White "Buus, Jarod N"]
[Black "Carr, John B"]
[Result "0-1"]
[WhiteElo "1633"]
[BlackElo "1745"]
[EventRounds "4"]
[EventCountry "USA"]

1. e4 e6 2. d4 d5 3. exd5 exd5 4. c4 c6 5. Qc2 g6 6. cxd5 cxd5 7. Bb5+ Bd7 8.
Nc3 Bxb5 9. Nxb5 Qa5+ 10. Nc3 Nc6 11. Nf3 Bg7 12. Qe2+ Nge7 13. Qb5 O-O 14.
Be3 Qxb5 15. Nxb5 Nf5 16. O-O-O Rac8 17. Kb1 Rfe8 18. Rhe1 Nxe3 19. fxe3 Kf8
20. Nd6 Bh6 21. Nxc8 Rxc8 22. e4 Ne7 23. g4 Bf4 24. g5 Rc6 25. Re2 Rc8 26. Rd3
Rc1# 0-1

[Event "Southern Idaho Open"]
[Site "Twin Falls, ID"]
[Date "2014.11.08"]
[Round "2.2"]
[White "Carr, John B"]
[Black "Amen, Chris"]
[Result "0-1"]
[WhiteElo "1745"]
[BlackElo "1526"]
[EventRounds "4"]
[EventCountry "USA"]

1. d4 Nf6 2. c4 g6 3. Nc3 d5 4. cxd5 Nxd5 5. e4 Nxc3 6. bxc3 Bg7 7. Be3 c5 8.
Bb5+ Bd7 9. Bxd7+ Nxd7 10. Nf3 Qa5 11. O-O Qxc3 12. Qa4 Qb4 13. Qxb4 cxb4 14.
Rac1 Nf6 15. Nd2 Kd7 16. f3 Rhc8 17. Nc4 b5 18. Ne5+ Ke8 19. Nc6 a5 20. d5 Nd7
21. Na7 Rc4 22. Nxb5 Rac8 23. Rxc4 Rxc4 24. Bc1 Rc2 25. Bf4 Ne5 26. Rc1 Rxc1+
27. Bxc1 Kd8 28. Bb2 Nxf3+ 29. gxf3 Bxb2 30. Kf2 a4 31. Ke2 b3 32. axb3 axb3
33. Kd3 Be5 34. Nc3 Bxh2 35. Ke3 Kc7 36. f4 e6 37. dxe6 fxe6 38. Kf3 Kc6 39.
Kg4 Kc5 40. Kg5 Kb4 41. Nb1 b2 42. Kh6 Bxf4+ {#R} 0-1

[Event "Southern Idaho Open"]
[Site "Twin Falls, ID"]
[Date "2014.11.08"]
[Round "4.1"]
[White "Kircher, Caleb Paul"]
[Black "Carr, John B"]
[Result "1/2-1/2"]
[WhiteElo "1869"]
[BlackElo "1745"]
[EventRounds "4"]
[EventCountry "USA"]

1. f4 Nf6 2. b3 b6 3. Nf3 Bb7 4. e3 g6 5. Bb2 Bg7 6. Be2 O-O 7. O-O c5 8. Qc1
Nc6 9. Bb5 a6 10. Bxc6 Bxc6 11. d3 Qc7 12. e4 d5 13. e5 Nd7 14. Nbd2 Rac8 15.
d4 Bb7 16. c3 cxd4 17. cxd4 Qxc1 18. Raxc1 Rxc1 19. Rxc1 Rc8 20. Rxc8+ Bxc8
21. Ba3 Bf8 22. Kf2 e6 23. Bxf8 Kxf8 24. Ke3 Ke7 25. g4 a5 26. h4 Ba6 27. Ne1
Nb8 28. Nd3 Nc6 29. a3 Na7 30. Nb1 Nb5 31. a4 Na7 32. Na3 Nc6 33. Nc2 Bxd3 34.
Kxd3 Nb4+ 35. Nxb4 axb4 36. Ke3 Kf8 37. f5 Kg7 38. Kf4 h6 39. fxg6 fxg6 40. g5
h5 {#d} 1/2-1/2

[Event "Western Idaho Open"]
[Site "Boise, ID"]
[Date "2014.12.13"]
[Round "1.105"]
[White "Zaklan, David Allen"]
[Black "Carr, John"]
[Result "1/2-1/2"]
[WhiteElo "1442"]
[BlackElo "1745"]
[EventRounds "5"]
[EventCountry "USA"]

1. d4 Nf6 2. Nf3 d5 3. c4 e6 4. Nbd2 Bd6 5. Ne5 O-O 6. f4 b6 7. b3 Bb7 8. Bb2
Bxe5 9. fxe5 Ng4 10. Nf3 Ne3 11. Qd3 Nxf1 12. Rxf1 Nd7 13. Bc1 dxc4 14. bxc4
Bxf3 15. Rxf3 f6 16. Kf2 fxe5 17. Kg1 Rxf3 18. exf3 exd4 19. Qxd4 Qf6 20. Qxf6
gxf6 21. Bb2 Kf7 22. Rd1 Nc5 23. Ba3 Ke7 24. Kf2 Rd8 25. Bxc5+ bxc5 26. Rxd8
Kxd8 27. Ke3 Kd7 28. g4 Kd6 29. Ke4 Ke7 30. h4 Kf7 31. f4 Kg6 32. h5+ Kf7 33.
a3 Ke7 34. a4 a5 35. g5 Kf7 36. Kf3 f5 {#d} 1/2-1/2

[Event "Western Idaho Open"]
[Site "Boise, ID"]
[Date "2014.12.13"]
[Round "2.105"]
[White "Amen, Chris"]
[Black "Carr, John"]
[Result "0-1"]
[WhiteElo "1594"]
[BlackElo "1745"]
[EventRounds "5"]
[EventCountry "USA"]

1. e4 e6 2. d4 d5 3. Nd2 Nf6 4. e5 Nfd7 5. Bd3 c5 6. c3 Nc6 7. Ne2 Qb6 8. Nf3
cxd4 9. cxd4 f6 10. exf6 Nxf6 11. O-O Bd6 12. Re1 O-O 13. Bf4 Nb4 14. Bxd6
Qxd6 15. Bb1 Bd7 16. a3 Nc6 17. Ng3 Rac8 18. b4 Qf4 19. Qd3 Ne7 20. Ne5 Be8
21. Ra2 Nc6 22. Rc2 Nxe5 23. Rxe5 Bg6 24. Rxc8 Bxd3 25. Rxf8+ Kxf8 {#R} 0-1

[Event "Western Idaho Open"]
[Site "Boise, ID"]
[Date "2014.12.14"]
[Round "4.104"]
[White "Carr, John"]
[Black "Faulkner, Graeme K"]
[Result "0-1"]
[WhiteElo "1745"]
[BlackElo "1329"]
[EventRounds "5"]
[EventCountry "USA"]

1. d4 d5 2. c4 Nf6 3. Nc3 dxc4 4. e4 c6 5. Bxc4 e6 6. Nf3 h6 7. O-O Bb4 8. Qc2
O-O 9. Be3 Nbd7 10. a3 Bxc3 11. bxc3 Re8 12. Rad1 Nb6 13. Ba2 Qe7 14. a4 Qa3
15. Bb3 Rd8 16. Bc1 Qe7 17. Ba2 Nbd7 18. Rfe1 Nf8 19. Ne5 N6d7 20. f4 Nxe5 21.
fxe5 Ng6 22. Rf1 Rf8 23. Rf3 c5 24. Rdf1 b6 25. Bf4 Ba6 26. R1f2 Rac8 27. Qd2
Rcd8 28. Qe3 cxd4 29. cxd4 Qb4 30. Rd2 Qxa4 31. d5 Bc8 32. d6 Qb5 33. Rh3 Ba6
34. Rf2 Nxf4 35. Qxf4 Qe8 36. Rxh6 gxh6 37. Qxh6 Bd3 38. Rf4 Bxe4 39. Rxe4 f5
40. Bxe6+ Rf7 41. Qg6+ Kf8 42. Bxf7 Qxf7 43. Qxf7+ Kxf7 44. Re3 Ke6 45. Kf2 a5
46. Kf3 a4 47. Kf4 Rg8 48. g3 b5 49. h3 b4 50. g4 fxg4 51. hxg4 a3 52. Rb3 a2
{#R} 0-1

[Event "Western Idaho Open"]
[Site "Boise, ID"]
[Date "2014.12.14"]
[Round "5.109"]
[White "Faulkner, Joetta"]
[Black "Carr, John"]
[Result "0-1"]
[WhiteElo "847"]
[BlackElo "1745"]
[EventRounds "5"]
[EventCountry "USA"]

1. e4 e6 2. Nf3 d5 3. Nc3 Nf6 4. d3 dxe4 5. Nxe4 Nxe4 6. dxe4 Qxd1+ 7. Kxd1
Nc6 8. a3 Bc5 9. Be3 Bxe3 10. fxe3 Bd7 11. Ke1 O-O-O 12. Rd1 e5 13. Bb5 f6 14.
b4 Ne7 15. Bc4 Bc6 16. Nd2 Rd6 17. b5 Bd7 18. h3 Rd8 19. Ke2 Be6 20. Bxe6+
Rxe6 21. Nc4 Ng6 22. g3 Re7 23. Rd2 Rxd2+ 24. Kxd2 Nf8 25. a4 Ne6 26. Ke2 Nc5
27. a5 Nxe4 28. Kf3 Nd6 29. Nxd6+ cxd6 30. e4 Rc7 31. Rc1 Rc3+ 32. Kg2 Re3 33.
c4 Rxe4 34. Kf3 Rd4 35. c5 d5 36. b6 a6 37. c6 Rc4 38. Rxc4 dxc4 39. c7 f5 40.
Ke3 g5 41. g4 f4+ 42. Kf3 c3 43. Ke2 f3+ 44. Kxf3 c2 45. Ke4 c1=Q 46. Kxe5
Qc5+ 47. Kf6 Qxa5 48. Kg7 Qxb6 49. Kxh7 Kxc7 50. h4 gxh4 51. g5 h3 52. g6 h2
53. g7 h1=Q+ 54. Kg8 Qe6+ 55. Kf8 Qf1# 0-1

[Event "Idaho Closed"]
[Site "Twin Falls, ID"]
[Date "2015.02.14"]
[Round "2.4"]
[White "Bowden, Dale R"]
[Black "Carr, John B"]
[Result "0-1"]
[WhiteElo "1613"]
[BlackElo "1725"]
[EventRounds "6"]
[EventCountry "USA"]

1. c4 e5 2. g3 g6 3. Bg2 Bg7 4. Nc3 Ne7 5. e4 d6 6. Nge2 Nbc6 7. O-O O-O 8. d3
Bd7 9. h3 Bc8 10. Rb1 Qd7 11. f4 f5 12. Be3 b6 13. Qd2 Bb7 14. Kh2 Rad8 15.
Nd5 Nxd5 16. cxd5 Ne7 17. Qb4 c6 18. dxc6 Bxc6 19. d4 fxe4 20. dxe5 Nf5 21.
Qb3+ Qf7 22. Qxf7+ Rxf7 23. Bg1 dxe5 24. Nc3 exf4 25. gxf4 Rd2 26. Rf2 Bxc3
27. bxc3 Rfd7 28. Rb2 e3 29. Rfxd2 Rxd2 {#R} 0-1

[Event "Idaho Closed"]
[Site "Twin Falls, ID"]
[Date "2015.02.15"]
[Round "3.2"]
[White "Carr, John B"]
[Black "Kircher, Caleb Paul"]
[Result "0-1"]
[WhiteElo "1725"]
[BlackElo "1819"]
[EventRounds "6"]
[EventCountry "USA"]

1. d4 g6 2. c4 Bg7 3. Nc3 c5 4. d5 Bxc3+ 5. bxc3 f5 6. Nf3 d6 7. Bg5 Qa5 8.
Qb3 h6 9. Bd2 Nd7 10. e3 Ngf6 11. Bd3 Ne5 12. Nxe5 dxe5 13. O-O O-O 14. Rfb1
Qc7 15. Rd1 b6 16. Be2 Ne8 17. a4 a5 18. Rdb1 Rb8 19. Qc2 Nd6 20. Rb2 Ba6 21.
Qb3 Rf6 22. Rab1 e4 23. Rf1 Qd7 24. Qa2 Nf7 25. f3 exf3 26. gxf3 Nd6 27. Rf2
e6 28. Rg2 e5 29. Be1 Kh7 30. Bf1 Nf7 31. Qb3 Ng5 32. Qd1 e4 33. f4 Nf3+ 34.
Kf2 Rd6 35. Be2 Re8 36. Qb3 Qe7 37. Kf1 Rg8 38. Bf2 g5 39. Bxf3 exf3 40. Rg3
Rxd5 41. Rxf3 Qe4 42. Qc2 Qxf3 {#R} 0-1

[Event "Idaho Closed"]
[Site "Twin Falls, ID"]
[Date "2015.02.15"]
[Round "4.5"]
[White "Douglas, Kurt P"]
[Black "Carr, John B"]
[Result "1-0"]
[WhiteElo "1645"]
[BlackElo "1725"]
[EventRounds "6"]
[EventCountry "USA"]

1. e4 e6 2. d4 d5 3. Nc3 Bb4 4. e5 c5 5. a3 Bxc3+ 6. bxc3 Ne7 7. f4 Bd7 8. Nf3
Ba4 9. Bd3 Nbc6 10. O-O O-O 11. Bxh7+ Kxh7 12. Ng5+ Kg8 13. Qh5 Bxc2 14. f5
Re8 15. Qxf7+ Kh8 16. Nxe6 Nxf5 17. Nxd8 Raxd8 18. Qh5+ Kg8 19. Rxf5 {#r} 1-0

[Event "Idaho Closed"]
[Site "Twin Falls, ID"]
[Date "2015.02.16"]
[Round "5.7"]
[White "Carr, John B"]
[Black "Bartell, Fred"]
[Result "1-0"]
[WhiteElo "1725"]
[BlackElo "1609"]
[EventRounds "6"]
[EventCountry "USA"]

1. d4 e6 2. c4 c5 3. d5 d6 4. Nc3 Nf6 5. Nf3 exd5 6. Nxd5 Nxd5 7. cxd5 Bg4 8.
e3 Nd7 9. Bd2 Be7 10. Be2 Bf6 11. O-O O-O 12. Nd4 Bxe2 13. Nxe2 Nb6 14. Bc3
Re8 15. Qd3 Qe7 16. Rfe1 Rac8 17. Bxf6 Qxf6 18. Nc3 Re5 19. e4 Rh5 20. Re3 Qf4
21. h3 Rf8 22. Ne2 Qf6 23. Rb1 Re8 24. Ng3 Rhe5 25. Qe2 Qf4 26. Re1 Nd7 27.
Nf1 a6 28. Qg4 Qxg4 29. hxg4 Nf6 30. f3 b5 31. Kf2 R5e7 32. Ke2 h5 33. gxh5
Nxh5 34. g3 g5 35. Kd2 Nf6 36. Kd3 Nd7 37. f4 f6 38. b3 Rh7 39. R1e2 Nb6 40.
Rh2 Ree7 41. Ree2 Rhg7 42. Ne3 Rh7 43. Nf5 Rd7 44. Rxh7 Kxh7 45. Rh2+ Kg8 46.
Rh6 Kf7 47. Rh7+ Ke8 48. Rh8+ Kf7 49. Rb8 c4+ 50. Kd2 Nxd5 51. exd5 Kg6 52.
Ne3 gxf4 53. gxf4 cxb3 54. axb3 Rh7 55. Rb6 Rh2+ 56. Kd3 Rb2 57. Kc3 Re2 58.
Nc2 Rf2 59. Rxa6 Rxf4 60. Rxd6 Rf3+ 61. Kb4 {#r} 1-0

[Event "Idaho Closed"]
[Site "Twin Falls, ID"]
[Date "2015.02.16"]
[Round "6.4"]
[White "Landon, Lloyd"]
[Black "Carr, John B"]
[Result "0-1"]
[WhiteElo "1923"]
[BlackElo "1725"]
[EventRounds "6"]
[EventCountry "USA"]

1. c4 e5 2. g3 g6 3. Nc3 Bg7 4. Bg2 Ne7 5. d3 O-O 6. Nf3 Nbc6 7. O-O b6 8. Rb1
Bb7 9. e3 Rb8 10. b4 Qc8 11. a4 f5 12. Qb3 Kh8 13. Ba3 d6 14. Rfc1 Qd7 15. Qa2
Nd8 16. c5 f4 17. e4 fxg3 18. hxg3 Ne6 19. Qe2 Nc6 20. Bh3 Qf7 21. Bxe6 Qxe6
22. Nd5 Bh6 23. Rc3 Rf7 24. Rf1 Rbf8 25. d4 Nxd4 26. Nxd4 exd4 27. c6 Bc8 28.
Rc2 Qh3 29. f4 Qxg3+ 30. Kh1 Qh3+ 31. Kg1 Bxf4 32. Nxf4 Rxf4 {#R} 0-1

[Event "Idaho Closed"]
[Site "Twin Falls, ID"]
[Date "2016.02.14"]
[Round "4.2"]
[White "Buus, Jarod N"]
[Black "Carr, John"]
[Result "1-0"]
[WhiteElo "1720"]
[BlackElo "1740"]
[EventRounds "6"]
[EventCountry "USA"]

1. e4 e6 2. d4 d5 3. e5 c5 4. c3 Nc6 5. Nf3 Bd7 6. Bd3 Qb6 7. O-O cxd4 8. cxd4
f6 9. exf6 Nxf6 10. a3 Bd6 11. Nc3 O-O 12. Re1 Rae8 13. Bg5 Kh8 14. Na4 Qc7
15. Rc1 Bf4 16. Bxf4 Qxf4 17. Bb5 Ne4 18. Bxc6 Bxc6 19. Nc5 Rf6 20. Nd3 Qd6
21. Nde5 Rff8 22. Rxe4 dxe4 23. Ng5 Qe7 24. Qh5 g6 25. Nxg6+ Kg8 26. Nxe7+
Rxe7 27. Qg4 Rf6 28. Nxe4+ Rg6 29. Qe2 {#r} 1-0

[Event "Idaho Closed"]
[Site "Twin Falls, ID"]
[Date "2016.02.15"]
[Round "5.6"]
[White "Carr, John"]
[Black "Bartell, Fred"]
[Result "1-0"]
[WhiteElo "1740"]
[BlackElo "1660"]
[EventRounds "6"]
[EventCountry "USA"]

1. d4 Nf6 2. Bg5 e6 3. e4 Be7 4. Nc3 h6 5. Bxf6 Bxf6 6. Nf3 d6 7. e5 dxe5 8.
dxe5 Be7 9. Bd3 Bd7 10. O-O O-O 11. Qe2 Bc6 12. Rad1 Nd7 13. Nd4 Bd5 14. Nxd5
exd5 15. Rfe1 Nc5 16. Nf5 Ne6 17. Qg4 Kh8 18. Re3 Bg5 19. Ree1 g6 20. Nd4 h5
21. Nxe6 hxg4 22. Nxd8 Raxd8 23. e6 Rd6 24. exf7 Rxf7 25. Re8+ Kg7 26. Rde1
Rdf6 27. R1e2 c5 28. c3 Rf4 29. R8e5 c4 30. Bb1 Bd8 31. Rxd5 Bb6 32. Rdd2 Bc5
33. Kf1 b5 34. Ke1 a5 35. Be4 Re7 36. f3 Re5 37. Rd5 Rh5 38. Rxh5 gxh5 39. Bc6
b4 40. Re5 Bb6 41. Rxh5 gxf3 42. Bxf3 Kg6 43. Rb5 Rf6 44. cxb4 axb4 45. h3
Re6+ 46. Kd1 Rd6+ 47. Kc2 c3 48. bxc3 Be3 49. cxb4 Rd2+ 50. Kb3 Rd3+ 51. Kc4
Rd4+ 52. Kc3 Rd6 53. a4 Ra6 54. a5 Rd6 55. Bb7 Rd7 56. a6 Bd4+ 57. Kc4 Ba7 58.
Be4+ Kf6 59. Rb7 Rd4+ 60. Kb5 Rxe4 {#r} 1-0

[Event "Idaho Closed"]
[Site "Twin Falls, ID"]
[Date "2016.02.15"]
[Round "6.3"]
[White "Landon, Lloyd"]
[Black "Carr, John"]
[Result "1/2-1/2"]
[WhiteElo "1842"]
[BlackElo "1740"]
[EventRounds "6"]
[EventCountry "USA"]

1. d4 Nf6 2. c4 d6 3. Nc3 Nc6 4. Nf3 Bg4 5. e4 Bxf3 6. gxf3 e5 7. d5 Nd4 8. f4
Qd7 9. fxe5 dxe5 10. h4 Qg4 11. Qxg4 Nxg4 {#d} 1/2-1/2